Human Heart Quiz - Statistics

General Stats
  • This quiz has been taken 264 times
  • The average score is 8 of 13
Answers on the Map
Answers color-coded by a green-red scale on the quiz's map according to % correct below.
 
Answer Stats
% Correct
Aorta
95%
Left Ventricle
85%
Right Ventricle
85%
Right Atrium
83%
Left Atrium
82%
Pulmonary Vein
71%
Pulmonary Artery
70%
Superior Vena Cava
64%
Inferior Vena Cava
63%
Mitral Valve
40%
Pulmonary Valve
39%
Aortic Value
5%
Tricuspid Valvue
2%
No matching quizzes found
Score Distribution
Percent of People with Each Score
Percentile by Number Answered
Your Score History
You have not taken this quiz